<?xml version="1.0" encoding="UTF-8"?>
<record
    xmlns:xsi="http://www.w3.org/2001/XMLSchema-instance"
    xsi:schemaLocation="http://www.loc.gov/MARC21/slim http://www.loc.gov/standards/marcxml/schema/MARC21slim.xsd"
    xmlns="http://www.loc.gov/MARC21/slim">

  <leader>01250nam a2200253   4500</leader>
  <controlfield tag="003">OSt</controlfield>
  <controlfield tag="005">20250729152118.0</controlfield>
  <controlfield tag="008">220706s2018    ck ao||er|||| 00| j spa d</controlfield>
  <datafield tag="020" ind1=" " ind2=" ">
    <subfield code="a">9789585991316</subfield>
  </datafield>
  <datafield tag="040" ind1=" " ind2=" ">
    <subfield code="a">CO-JMCR</subfield>
    <subfield code="c">CO-JMCR</subfield>
  </datafield>
  <datafield tag="041" ind1=" " ind2="0">
    <subfield code="a">spa</subfield>
  </datafield>
  <datafield tag="082" ind1="0" ind2="4">
    <subfield code="a">A-C</subfield>
    <subfield code="b">CONh </subfield>
  </datafield>
  <datafield tag="111" ind1="2" ind2=" ">
    <subfield code="a">Concurso de Cuento y Narraci&#xF3;n Oral. Historias en yo mayor</subfield>
    <subfield code="n">(6to : </subfield>
    <subfield code="d">2018 : </subfield>
    <subfield code="c">Bogot&#xE1;)</subfield>
    <subfield code="9">42403</subfield>
  </datafield>
  <datafield tag="245" ind1="1" ind2="0">
    <subfield code="a">Historias en yo mayor / </subfield>
    <subfield code="c">6to Concurso de Cuento y Narraci&#xF3;n Oral </subfield>
  </datafield>
  <datafield tag="250" ind1=" " ind2=" ">
    <subfield code="a">Primera edici&#xF3;n </subfield>
  </datafield>
  <datafield tag="260" ind1=" " ind2=" ">
    <subfield code="a">[Bogot&#xE1;] : </subfield>
    <subfield code="b">Fundaci&#xF3;n Saldarriaga Concha : Fundaci&#xF3;n Fahrenhet 451, </subfield>
    <subfield code="c">2018</subfield>
  </datafield>
  <datafield tag="300" ind1=" " ind2=" ">
    <subfield code="a">192 p&#xE1;ginas : </subfield>
    <subfield code="b">ilustraciones y fotografias a color ; </subfield>
    <subfield code="c">17 cm.</subfield>
  </datafield>
  <datafield tag="505" ind1="0" ind2=" ">
    <subfield code="a">Herencia de mi pueblo. -- Narraci&#xF3;n oral. -- Cuento escrito. -- Ganadores. -- Menciones de honor. -- Finalistas.</subfield>
  </datafield>
  <datafield tag="520" ind1="0" ind2=" ">
    <subfield code="a">Historias en Yo Mayor no solo es un concurso de cuento y narraci&#xF3;n oral, es un motor de memoria colectiva que ofrece la posibilidad de recordar a todas las personas mayores de 60 a&#xF1;os del pa&#xED;s. Pero ese no es su objetivo principal, detr&#xE1;s de los cerca de 1350 participantes.</subfield>
  </datafield>
  <datafield tag="650" ind1="1" ind2="4">
    <subfield code="a">Narraci&#xF3;n oral</subfield>
    <subfield code="z">Colombia</subfield>
    <subfield code="9">42108</subfield>
  </datafield>
  <datafield tag="650" ind1="2" ind2="4">
    <subfield code="a">Cuentos colombianos</subfield>
    <subfield code="9">42109</subfield>
  </datafield>
  <datafield tag="650" ind1="2" ind2="4">
    <subfield code="a">Cr&#xF3;nica</subfield>
    <subfield code="z">Colombia</subfield>
    <subfield code="9">42110</subfield>
  </datafield>
  <datafield tag="942" ind1=" " ind2=" ">
    <subfield code="2">ddc</subfield>
    <subfield code="c">BK</subfield>
  </datafield>
  <datafield tag="999" ind1=" " ind2=" ">
    <subfield code="c">29513</subfield>
    <subfield code="d">15897</subfield>
  </datafield>
  <datafield tag="952" ind1=" " ind2=" ">
    <subfield code="0">0</subfield>
    <subfield code="1">0</subfield>
    <subfield code="2">ddc</subfield>
    <subfield code="4">0</subfield>
    <subfield code="7">0</subfield>
    <subfield code="a">CPL</subfield>
    <subfield code="b">CPL</subfield>
    <subfield code="c">PROC</subfield>
    <subfield code="d">2022-04-28</subfield>
    <subfield code="e">Donaci&#xF3;n</subfield>
    <subfield code="l">5</subfield>
    <subfield code="o">A-C CONh</subfield>
    <subfield code="p">201811170</subfield>
    <subfield code="r">2025-07-30 10:27:57</subfield>
    <subfield code="s">2025-07-29</subfield>
    <subfield code="t">Ej.1</subfield>
    <subfield code="w">2022-07-07</subfield>
    <subfield code="y">BK</subfield>
  </datafield>
</record>
